01201naa a2200193 a 450000100080000000500110000800800410001910000140006024500690007426000090014352005470015265000280069965000150072765000130074265300090075565300070076470000210077177302150079211348702024-09-11 2023 bl uuuu u00u1 u #d1 aCOUTO, M. aA Ma???? 'Fuji'bDescri????o do Cultivar.h[electronic resource] c2023 aO termo ?indica????o geogr??fica? (IG) ?? firmado quando produtores, comerciantes e consumidores identificam que alguns produtos de determinados lugares apresentam qualidades particulares, atribu??veis ?? sua origem geogr??fica, e come??am a denomin??-los com o nome geogr??fico que indica sua proced??ncia. Nesse sentido, pode-se afirmar que a ma???? de S??o Joaquim j?? ?? conhecida por sua qualidade h?? bastante tempo. A regi??o de S??o Joaquim tem tradi????o no cultivo da macieira com um grande n??mero de pequenos e m??dios produtores. aIndica????o geogr??fica aProte????o aRegistro aFuji aIG1 aKVITSCHAL, M. V. tIn: MASSIGNAM, A. M.; MARTIN, M. S. (Orgs.) Denomina????o de Origem Ma???? 'Fuji' da Regi??o de S??o Joaquim: Caracteriza????o Socioecon??mica, Ambiental e do Produto. Florian??polis, SC: Epagri, 2023. p. 73-79